书目信息 |
| 题名: |
彦克歌曲100首
|
|
| 作者: | 彦克 曲 | |
| 分册: | ||
| 出版信息: | 石家庄 花山文艺出版社 1983 |
|
| 页数: | 360页 | |
| 开本: | 21cm | |
| 丛书名: | ||
| 单 册: | ||
| 中图分类: | J642.1 | |
| 科图分类: | ||
| 主题词: | 音乐--作品--中国 | |
| 电子资源: | ||
| ISBN: | ||
| 000 | 00610nam0 2200241 45 | |
| 001 | 0183003686 | |
| 005 | 20040512145440.0 | |
| 010 | @dCNY1.15 | |
| 091 | @a8286.7 | |
| 100 | @a19950113d1983 em y0chiy0121 ea | |
| 101 | 0 | @achi |
| 102 | @aCN@b130000 | |
| 105 | @ag z 000yy | |
| 106 | @ar | |
| 200 | 10 | @a彦克歌曲100首@Ayan ke ge qu 100 shou@f彦克曲 |
| 210 | @a石家庄@c花山文艺出版社@d1983 | |
| 215 | @a360页@d21cm | |
| 606 | 0 | @a音乐@x作品@x中国 |
| 690 | @aJ642.1 | |
| 701 | 0 | @a彦克@Ayan ke@4曲 |
| 801 | 0 | @aCN@b上海图书馆@c20040512 |
| 801 | 2 | @aCN@bNLC@c20040512 |
| 905 | @f1@b175913@dJ642.1@e100 | |
| 彦克歌曲100首/彦克曲.-石家庄:花山文艺出版社,1983 |
| 360页;21cm |
| ISBN :CNY1.15 |
| ● |
| 相关链接 |
|
|
|
|
正题名:彦克歌曲100首
索取号:J642.1/100
 
预约/预借
| 序号 | 登录号 | 条形码 | 馆藏地/架位号 | 状态 | 备注 |
| 1 | 0175913 | 001202362 | 第一借阅区/ [索取号:J642.1/100] | 在馆 | |
| 2 | 0175914 | 001202291 | 第一样本阅览室/ [索取号:J642.1/100] | 在馆 |